000 00660nam a2200277Ia 4500
005 20260324112307.0
008 008 260324s9999 xx 000 0 eng d
020 _a9780367815516
037 _aEBOOK
040 _aCRL
040 _beng
040 _cCRL
041 _2eng
041 _aeng
084 _qCRL
100 _aGeorge Potter; Roaa Ali; Samer Al-Saber
_91142097
245 0 _aArabs, Politics, and Performance
260 _bTaylor and Francis
260 _c2024
365 _a
365 _b230
856 _uhttp://www.taylorfrancis.com/books/9780367815516
942 _cEBOOK
999 _c1731247
_d1731247